01744agaaa2200313 45000010005000000030009000050050017000140070009000310080040000400400023000800410013001031000051001161300041001672450174002082500022003822600111004043000033005155080072005485110019006205200291006395380016009305460013009466500076009597000063010357000061010989420012011599990019011719520240011909678IT-RoPAU20220918181232.0d cvaizq50131s9999||||xx ||| | || ||und|| aIT-RoPAUcIT-RoPAU aITALIANO aBill GibsongCodice regista SPICS: 9782941332 aMARILYN, PORTRAIT OF A LEGEND941333 aMARILYN, PORTRAIT OF A LEGENDcSceneggiatura: Gibson Bill Gibson Hariett -- Diretto da: Bill GibsonpMARILYN, PORTRAIT OF A LEGEND (Rif. Codice opera principale : B9678) aEdizione Standard a(USA)bPOWERSPORTS PRODUCTIONS / Distribuzione: RCS VIDEOg"1992 (1° ed.: 1992 ; Ed. Lingua Orig.: 1992)" aVHSbsonoro, col.c50 minuti a"Musica: Golan Arnold; Sceneggiatura: Gibson Bill Gibson Hariett; " aMonroe Marilyn aIMMAGINI DI MARILYN MONROE CHE CI MOSTRANO LA DONNA NASCOSTA DIETRO ALLA DIVA: L'INFANZIA TURBOLENTA SEGNATA DA BREVI SOGGIORNI IN ORFANOTROFIO, I MATRIMONI, IL DEBUTTO CINEMATOGRAFICO, LA RAPIDA STRADA CHE LA PORTA A DIVENTARE UNA STELLA DEL CINEMA FINO ALLA TRAGICA E MISTERIOSA FINE. aPAL, STEREO aITALIANO aDOCUMENTARIOeSTUDI SUL CINEMA [VHS]xCodice MATERIA SPICS: 9959936889 aBill Gibson e(regista)gCodice regista SPICS: 9782941334 aGolan Arnolde(musica)gCodice Musica SPICS: 9840941335 cVH2ddc c105425d105425 0010406B_9678_00000000000000071aSPICSbSPICSd2015-01-31l0oB9678r2015-01-31 00:00:00w2015-01-31yVHzProgr. Ins.: 293 / N.Vol.:1 / Copie: 1 / Pag.:0 / Copia rara: n.d. / date import: 1.2.2015 / By Epidotti, Trombetti, Vaglietti